00245nam a2200085Ia 450000100070000000500170000700800410002424500680006526000260013364188420250826153516.0250824s9999 xx 000 0 und d 0aBüyük Makineler Uçaklar ve HelikopterlercClive Gifford bTÜBİTAK YAYINLARI